000 003400000a22001450004500
003 MACL
040 _aMACL
090 _c33690
_d33688
100 _aCrumlish, Christian
245 _aThe Internet no experience required
260 _bBPB Publications
_c1999
350 _a150
650 _aComputer Programming
942 _cBOOK
_k004.678/CRU
999 _c33339
_d33339